000 02484nam a22003497a 4500
003 OSt
005 20260513083005.0
008 260513b |||||||| |||| 00| 0 aze d
020 _a9789952461749
040 _aAZ-XaKU
_brus
_cAZ-XaKU
041 0 _arus
_aaze
050 1 4 _aML423 .M31116 .P299 2019
100 1 _aПазычева, Инна,
_eавтор.
245 1 0 _aТариель Мамедов: в неиссякаемом потоке новых идей
_c/ Инна Пазычева
264 _aБаку:
_bТипография OL MMC,
_c2019.
300 _a496 с. ;
_c24.5 см.
336 _atext
_btxt
_2rdacontent
337 _aunmediated
_bn
_2rdamedia
338 _avolume
_bnc
_2rdacarrier
505 0 _aПуть к профессионализму -- Очерки, статьи о жизни и творчестве, интервью
520 _aКнига посвящена 70-летнему юбилею Заслуженного деятеля искусств Азербайджана, доктора искусствоведения, профессора Тариеля Мамедова. В ней впервые освещается его многогранная творческая деятельность, как ученого, педагога, музыкально-общественного деятеля, главного редактора и издателя научно-педагогического, критико-публицистического, культурно-просветительского международного журнала "Musiqi Dünyası".
521 _aКнига предназначена для широкого круга читателей-профессионалов и любителей музыки.
546 _aТекст представлен на русском и азербайджанском языках.
600 _2AZ-XaKU
_aМамедов, Тариель,
_d1949 - .
650 7 _2AZ-XaKU
_aМузыковеды
_zАзербайджан
_xЖизнь и творчество
655 _2AZ-XaKU
_aБиография
700 1 _aГулиев, Н.А.,
_eнаучный редактор.
710 1 _aМинистерство образования Азербайджанской республики.
710 2 _aБакинская Музыкальная Академия им. Узеира Гаджибейли.
942 _cBOOK
999 _c433
_d433